000 005430000a22001810004500
003 MACL
005 20160227125338.0
008 160227b xxu||||| |||| 00| 0 eng d
040 _aMACL
_cMACL
041 _aHindi
082 _a800
100 _aडॉ रामबाबू शर्मा
_940875
245 _aराजभाषा हिन्‍दी की कहानी
260 _bअंकुर प्रकाशन
_c1980
_aदिल्‍ली
350 _a35
650 _aLiteracture
_939932
942 _cHIN
_k800
_2ddc
999 _c28093
_d28093